000 00833nam a22002535i 4500
001 168810
003 ES-MaACL
005 20230906213910.0
008 080610s2004 sp |||| | spa d
020 _a84-7664-851-0
080 _a73(=414:6-15)(083.824)
080 _a73(=414:6-191.2)(083.824)
245 0 0 _aÁfrica
_b: la figura imaginada /
_cexposición producida y organizada por la Fundación "la Caixa".
260 _aBarcelona :
_bFundación "la Caixa",
_c2004.
300 _a190 p. :
_bfot. ;
_c30 cm.
500 _aExposición itinerante.
504 _aBibliografía.
650 1 4 _aArte africano-
_vExposiciones.
_9137927
655 7 _2tgfbne
_9193628
_aCatálogos de exposiciones
710 2 _aFundació "la Caixa"
_9173255
852 4 _aES-MaACL
_jL-29469
942 _2udc
999 _c168810
_d168810